00818nac a22002171u 4500010001600000020001500016082001800031090001500049100003400064245010800098260004300206300004600249500002700295504005100322511002800373650002300401650002700424942002000451999001500471952011400486 a 91044037 a007053394600a620.0042bROD c9274d9274 aRodriguez, Walter, 14aThe modeling of design ideas : graphics and visualization techniques for engineers /cWalter Rodriguez. aNew York :bMcGraw-Hill,c1992.cc1992. axiv, 272 p. :bill. (some col.) ;c28 cm. aDistributer: Al-Ahram. aIncludes bibliographical references and index. aCatalogued By: Mahitab. 0aComputer graphics. 0aComputer-aided design. cBBk620.0042ROD c9274d9274 00104070aMAINbMAINc1STd2008-04-29ePurchasel0o620.0042RODp000011208r2025-07-15 00:00:00v140.50yBB